| 000 | 00947nas a2200289 4500 | ||
|---|---|---|---|
| 001 | BR8102385 | ||
| 003 | BR-BrBNA | ||
| 005 | 20231205084655.0 | ||
| 007 | ta | ||
| 008 | 230509b bl.|||p| |||| 00| 00por d | ||
| 040 |
_aBR-BrBNA _bpor _cBiblioteca Nacional de Agricultura |
||
| 041 | _a(Pt) | ||
| 072 | _aL73 | ||
| 100 | 1 | _aHagiwara, M.K. | |
| 100 | 1 | _aJuly, J.R. | |
| 100 | 1 | _aBaccaro, M.R. | |
| 100 | 1 | _aAngelo, M.J. de O. | |
| 245 | 1 | _aEnterite hemorragica em caes associada a infeccao por um parvovirus [Canis familiaris; Brasil] | |
| 246 | 1 | _a[Canine haemorrhagic enteritis associated to infection cause by parvovirus [Canis familiaris; Brazil]] | |
| 650 | _aDoenca animal | ||
| 650 | _aCao | ||
| 650 | _aEnterite | ||
| 650 | _aInfeccao | ||
| 773 | 0 |
_tArquivos do Instituto Biologico (Brazil) _xISSN 0020-3653 _g(Jan 1980), v. 47(1-2) p. 47-49 _wBR8102385 |
|
| 909 |
_a202311 _bLúcia _c55 _dLúcia Elande |
||
| 942 |
_2AGRIS _n0 _cANA |
||
| 999 |
_c106598 _d106598 |
||